A world survey of the shrimping trade

Saved in:
Bibliografiske detaljer
Hovedforfatter: Ivanov, B. G (Author)
Format: Bog
Sprog:engelsk
Udgivet: Jerusalén Israel Program for Scientific Translations 1967
Fag:
Tags: Tilføj Tag
Ingen Tags, Vær først til at tagge denne postø!

MARC

LEADER 00000nam a2200000 a 4500
001 UCV5497
003 CL-VaPUC
008 930716e19670000IS |||||||||||||||||eng|d
082 0 4 |a 338.3725  |b IVA  |2 21 
100 0 |a Ivanov, B. G  |e author  |9 299834 
245 1 2 |a A world survey of the shrimping trade 
300 |a 106 p 
942 |c BK 
945 |d 19930716 00:00:00 
260 |a Jerusalén  |b Israel Program for Scientific Translations  |c 1967 
650 7 |a CAMARONES  |2 CL-VaPUC  |9 262185 
650 7 |a EXPLOTACION PESQUERA  |2 CL-VaPUC  |9 262330 
583 |a last modification  |c 19930716 00:00:00  |k Rodrigo Vera 
999 |c 212012  |d 212010